| 000 | 00542nam a2200217Ia 4500 | ||
|---|---|---|---|
| 005 | 20140426100755.0 | ||
| 008 | 140130s9999 xx 000 0 und d | ||
| 020 | _a0439164850 | ||
| 050 |
_aPZ 7 _b.L3274Kaz 2004 |
||
| 100 |
_aLasky, Katherine _924630 |
||
| 245 |
_cKatherine Lasky. _aKazunomiya : _bThe royal diaries / |
||
| 260 |
_bScholastic, _c2004. _aUSA : |
||
| 300 |
_a156 p. : _c23 cm. |
||
| 440 |
_v1 _931174 |
||
| 521 | _aG7 | ||
| 526 | _c890 | ||
| 942 |
_cBK _2lcc |
||
| 999 |
_c41270 _d41270 |
||